[Event "TUR Cup"]
[Site "Antalya"]
[Date "2020.01.28"]
[Round "4"]
[White "Kilic, Emrah"]
[Black "Yucesoy, Atil"]
[Result "0-1"]
[WhiteElo "1478"]
[BlackElo "1680"]
[PlyCount "32"]
[EventDate "2020.01.26"]
[EventType "swiss"]
[EventRounds "11"]
[EventCountry "TUR"]
[SourceTitle "CBM 194 Extra"]
[Source "ChessBase"]
[SourceDate "2020.03.31"]
[SourceVersion "1"]
[SourceVersionDate "2020.03.31"]
[SourceQuality "1"]

1. d4 d5 2. Nf3 Nf6 3. Bf4 c5 4. e3 Nc6 5. c4 Bg4 6. dxc5 e5 7. Bg5 Qa5+ 8. Qd2 Nb4 9. Bxf6 gxf6 10. Nc3 0-0-0 11. cxd5 Bxf3 12. gxf3 Nxd5 13. Ne4 Nb4 14. Bh3+ Kb8 15. Qc3 Nc2+ 16. Ke2 Qb5+ 0-1